MARC

LEADER 00000nrm a2200000Ia 4500
001 23984
008 160829s9999 xx 000 0 cat d
080 |a NBM-8-4 
245 |a Gorra  |h [Objecte] 
260 |a [Barcelona] :  |b Diputació de Barcelona, [2013] 
300 |a 1 gorra 
650 0 |9 54098  |a Objectes publicitaris 
710 1 |a Barcelona (Catalunya : Província).  |b Diputació  |9 52408 
901 |a Arxiu 
942 |n 1  |2 udc 
952 |0 0  |1 0  |4 0  |6 NBM84  |7 1  |9 55174  |a Arxiu  |b Arxiu  |d 2016-12-01  |l 0  |o NBM-8-4  |p 23984  |r 2016-12-01 00:00:00  |w 2016-12-01  |y ARXIU 
999 |c 59046  |d 59046